Everything on The Keyboard Quiz - Statistics

General Stats
  • This quiz has been taken 87 times
  • The average score is 34 of 38
Answer Stats
Keyboard % Correct
A
99%
D
99%
E
99%
Q
99%
W
99%
B
97%
F
97%
G
97%
H
97%
I
97%
J
97%
O
97%
P
97%
R
97%
S
97%
T
97%
U
97%
Y
97%
C
96%
K
96%
L
96%
M
96%
N
96%
X
96%
Z
96%
V
94%
0
91%
1
91%
2
91%
3
91%
4
91%
5
91%
6
91%
7
91%
8
91%
9
91%
£
4%
½
3%
No matching quizzes found
Score Distribution
Percent of People with Each Score
Percentile by Number Answered
Your Score History
You have not taken this quiz